000 01138nam a22002057a 4500
003 JO-AjAnu
005 20240605113450.0
008 240323b jo ||||| |||| 00| 0 ara d
040 0 _aJO-AjAnu
_bara
_cJO-AjAnu
_dJO-AjAnu
_eard
041 _aara
_hara
050 4 _aLC4704
_b2024
100 1 _aالمحاسنة، تراجي مصطفى مفلح
_eمعد
_965075
245 0 _aمستوى عسر الكتابة وعلاقته بالتوافق النفسي لدى الطلبة ذوي صعوبات التعلم = The Level of Dysgraphia and its Relationship to Psychological Adjustment among Learning Disabilities /
_cاعداد تراجي مصطفى مفلح المحاسنة ؛ اشراف فيصل عيسى النواصرة
260 _c2024
300 _a113 ورقة
500 _aرسالة جامعية (ماجستير في صعوبات التعلم) - جامعة عجلون الوطنية (عجلون، الاردن)، كلية العلوم التربوية، 2024.
650 0 _aصعوبات التعلم - عسر الكتابة.
_965076
700 0 _aالنواصرة، فيصل عيسى.
_eمشرف
_965078
942 _2lcc
_cTHS
_n0
999 _c33320
_d33320